000 01232nam a2200325 u 4500
001 000003331
003 DO-SdBNP
005 20260421134956.0
007 ta
008 090708s1998 dr r 001 0 spa d
040 _aDO-SdBNP
_bspa
_cBNPHU
_erda
041 _aspa
082 4 _a347.7293013
_bM844j
_222
100 1 _aMoreta Castillo, Américo,
_d1956-
_eautor
_910120
_4aut.
245 1 3 _aLa justicia en Santo Domingo del siglo XVI /
_bAmérico Moreta Castillo.
264 _aSanto Domingo, República Dominicana :
_bEditora Amigo del Hogar,
_c1998.
300 _a337 páginas :
_ailustraciones, fotografías, retratos ;
_c23 cm.
336 _atexto
_btxt
_2rdacontent
337 _asin mediación
_bn
_2rdamedia
338 _avolumen
_bnc
_2rdacarrier
490 1 _aColección Banreservas
490 1 _aSerie Historia
_v5
500 _aIncluye datos biográficos del autor en las solapas
504 _aBibliografía: páginas 141-143
590 _aInventariado, 2022/BBT
650 0 _aAdministración de la justicia
_zRepública Dominicana
_zSanto Domingo
_xHistoria
_ySiglo VXI
_989355
830 0 _aColección Banreservas
_pSerie Historia
_99258
_v5
910 _aValidado. Control de calidad MFF
942 _2ddc
_cLBS1
999 _c3162
_d3162